| 000 | 00559nam a2200205 a 4500 | ||
|---|---|---|---|
| 001 | 17367 | ||
| 003 | BD-RjUL | ||
| 005 | 20211209000128.0 | ||
| 008 | 891027s1948 xna 0 eng d | ||
| 035 | _a(BD-RjUL)17425 | ||
| 040 |
_aANL _beng _cANL _dBD-RjUL |
||
| 041 | _aeng | ||
| 082 | 0 | 4 |
_a791.44 _bGIR 1948 |
| 100 | 1 |
_aGielgud, Val _d1900- _953517 |
|
| 245 | 1 | 4 |
_aThe right way to radio playwriting / _cVal Gielgud. |
| 260 |
_aKingswood ; Sy. : _bElliot, _c[1948]. |
||
| 300 |
_a133 p. ; _c18 cm. |
||
| 650 |
_aRadio authorship. _953518 |
||
| 942 |
_2ddc _cBK |
||
| 999 |
_c17367 _d17367 |
||